Speciality rubbers (Record no. 69129)

MARC details
000 -LEADER
fixed length control field 00448nam a2200157Ia 4500
100 ## - MAIN ENTRY--AUTHOR NAME
Personal name Rajammal G
245 #0 - TITLE STATEMENT
Title Speciality rubbers
260 ## - PUBLICATION, DISTRIBUTION, ETC. (IMPRINT)
Name of publisher Handbook of Natural Rubber Production in India(Ed. P N Radhakrishna Pillay). Kottayam, RRII, 1980
Year of publication 1980
300 ## - PHYSICAL DESCRIPTION
Number of Pages 451-481
700 ## - ADDED ENTRY--PERSONAL NAME
Personal name Mathew N M
700 ## - ADDED ENTRY--PERSONAL NAME
Personal name Michael T C
700 ## - ADDED ENTRY--PERSONAL NAME
Personal name Peethambaran N R
700 ## - ADDED ENTRY--PERSONAL NAME
Personal name Thomas E V
942 ## - ADDED ENTRY ELEMENTS (KOHA)
Koha item type Journals
Holdings
Withdrawn status Lost status Damaged status Not for loan Home library Current library Shelving location Date acquired Koha item type
      Journals RRII Library RRII Library Rubber chemistry 17/12/2021 Journals